00552nam a22001697a 450000500170000001000150001702000260003203500130005803700130007124501070008426000330019127000680022430000240029250000190031670000230033570000240035820141110113630.0 aENG-111140 c795.00a9789382420446 aEN-94672 bDBAD/PUB aSocial history of sports :cedited by Chittabrata Palit [and] Purnima Mookherjeebthe Indian context / aNew DelhibKunal Booksc2014 bNew Delhie110002a4648/21, First Floor, Ansari Road, Daryaganj axi, 204p.c23cm(Hb) aincludes index aPalit, Chittabrata aMookherjee, Purnima